| 000 | 00789nam a2200229 i 4500 | ||
|---|---|---|---|
| 001 | 82426 | ||
| 003 | ES-MaACL | ||
| 005 | 20230906174654.0 | ||
| 007 | t| | ||
| 008 | 041110s1932 sp |||| | spa d | ||
| 080 | _a239 | ||
| 100 | 1 |
_aIbarreta, Rogelio H. de. _964971 |
|
| 245 | 1 | 3 |
_aLa religión al alcance de todos / _cRogelio H. Ibarreta. |
| 260 |
_aMadrid : _bSáez Hermanos, _c[1932] |
||
| 300 |
_a414 p. ; _c16 cm. |
||
| 505 | 8 | _aContiene ademas: Jorge Brandes. Jesucristo es un mito. Versión castellana de Juan España (A la pág. 313) | |
| 600 | 0 | 4 |
_aJesucristo- _vObras de controversia. _9141203 |
| 650 | 0 | 4 |
_aCristianismo- _vObras de controversia. _911431 |
| 700 | 1 |
_aBrandés, Jorge. _9146752 |
|
| 700 | 1 |
_aEspaña, Juan. _9146754 |
|
| 852 |
_aES-MaACL _jF-14003 _z. - Piel |
||
| 999 |
_c82426 _d82426 |
||